000
00203nam a22000857a 4500
008
170127b xxu||||| |||| 00| 0 eng d
100
_9
2594
_a
CBSE
245
_a
Mathematics AQP-IX
260
_a
AGRA
_b
OSWAAL
_c
2011
999
_c
5731
_d
5731